000 00475nam a2200133Ia 4500
005 20260209120148.0
008 260209s9999||||xx |||||||||||||| ||und||
100 _aShikhar Tiwari
245 0 _aRelevant market definition for emerging sectors in India
260 _aBangaloreBangalore
_bNLSIU, Bangalore
_c2023
300 _a43 p. ; 25 cm.
700 _aMs. Sahana Ramesh - Supervisor Ms. Sahana Ramesh - Supervisor
856 _uhttps://dans.nls.ac.in/handle/123456789/1238
999 _c217633
_d217633